Quiz da Jordânia - Statistics

Estatísticas Gerais
  • Esse quiz foi jogado 579 vezes
  • A pontuação média é 12 de 20
Estatísticas das Respostas
Dica Resposta % Correto
País fazendo fronteira com a Jordânia Israel
97%
Língua oficial Árabe
95%
País fazendo fronteira com a Jordânia Síria
94%
País fazendo fronteira com a Jordânia Iraque
91%
País fazendo fronteira com a Jordânia Arábia Saudita
89%
Mar onde a Jordânia faz fronteira com o Golfo de Aqaba Mar Vermelho
79%
Capital Amã
74%
Mar interior cujas margens são os pontos mais baixos do mundo Mar Morto
74%
Jordânia foi um "protetorado" deste país entre 1921 a 1946 Reino Unido
69%
Antiga cidade que é a atração turística mais popular da Jordânia Petra
59%
Rio no oeste do país Rio Jordão
59%
Os cineastas às vezes visitam Uádi de Rum porque se assemelha à superfície de ... Marte
57%
Moeda oficial Dinar
53%
Antigo nome da região {Trans}jordânia
44%
Região, começando com L,da qual a Jordânia faz parte Levante
39%
Molho de grão de bico geralmente servido com pita Homus
35%
Rei atual Abdullah II
32%
Atual rainha consorte Rania
29%
Antigo rei, 1952–1999 Hussein
24%
Nome oficial da Jordânia Reino {Haxemita} da Jordânia
23%
Nenhum quiz correspondente encontrado
Distribuição das Pontuações
Porcentagem de Pessoas com Cada Pontuação
Percentil de Números Respondidos
Sua Pontuação Histórica
Você não jogou esse quiz